<?xml version="1.0" encoding="UTF-8"?>
<record
    xmlns:xsi="http://www.w3.org/2001/XMLSchema-instance"
    xsi:schemaLocation="http://www.loc.gov/MARC21/slim http://www.loc.gov/standards/marcxml/schema/MARC21slim.xsd"
    xmlns="http://www.loc.gov/MARC21/slim">

  <leader>00388    a2200157   4500</leader>
  <datafield tag="082" ind1=" " ind2=" ">
    <subfield code="a">629.13252019 PAM</subfield>
  </datafield>
  <datafield tag="090" ind1=" " ind2=" ">
    <subfield code="c">39976</subfield>
    <subfield code="d">39976</subfield>
  </datafield>
  <datafield tag="100" ind1=" " ind2=" ">
    <subfield code="a">Pamela S Tsang</subfield>
  </datafield>
  <datafield tag="245" ind1=" " ind2=" ">
    <subfield code="a">Principles and Practice of Aviation Psychology</subfield>
  </datafield>
  <datafield tag="250" ind1=" " ind2=" ">
    <subfield code="a">1st</subfield>
  </datafield>
  <datafield tag="260" ind1=" " ind2=" ">
    <subfield code="a">USA</subfield>
  </datafield>
  <datafield tag="300" ind1=" " ind2=" ">
    <subfield code="a">xxviii 596</subfield>
  </datafield>
  <datafield tag="500" ind1=" " ind2=" ">
    <subfield code="a">DOS BS Textbooks</subfield>
  </datafield>
  <datafield tag="505" ind1=" " ind2=" ">
    <subfield code="a">Gifted Books</subfield>
  </datafield>
  <datafield tag="942" ind1=" " ind2=" ">
    <subfield code="a">caenust</subfield>
    <subfield code="c">BS</subfield>
    <subfield code="k">629.13252019 PAM</subfield>
  </datafield>
  <datafield tag="999" ind1=" " ind2=" ">
    <subfield code="c">474703</subfield>
    <subfield code="d">474703</subfield>
  </datafield>
  <datafield tag="952" ind1=" " ind2=" ">
    <subfield code="0">0</subfield>
    <subfield code="1">0</subfield>
    <subfield code="4">0</subfield>
    <subfield code="7">0</subfield>
    <subfield code="a">CAE</subfield>
    <subfield code="b">CAE </subfield>
    <subfield code="d">2018-03-30</subfield>
    <subfield code="l">0</subfield>
    <subfield code="o">629.13252019 PAM</subfield>
    <subfield code="p">CAEG-9194</subfield>
    <subfield code="r">2018-03-30</subfield>
    <subfield code="w">2018-03-30</subfield>
    <subfield code="y">BK</subfield>
  </datafield>
  <datafield tag="952" ind1=" " ind2=" ">
    <subfield code="0">0</subfield>
    <subfield code="1">0</subfield>
    <subfield code="4">0</subfield>
    <subfield code="7">0</subfield>
    <subfield code="a">CAE</subfield>
    <subfield code="b">CAE </subfield>
    <subfield code="d">2018-03-30</subfield>
    <subfield code="l">0</subfield>
    <subfield code="o">629.13252019 PAM</subfield>
    <subfield code="p">CAEG-9197</subfield>
    <subfield code="r">2018-03-30</subfield>
    <subfield code="w">2018-03-30</subfield>
    <subfield code="y">BK</subfield>
  </datafield>
  <datafield tag="952" ind1=" " ind2=" ">
    <subfield code="0">0</subfield>
    <subfield code="1">0</subfield>
    <subfield code="4">0</subfield>
    <subfield code="7">0</subfield>
    <subfield code="a">CAE</subfield>
    <subfield code="b">CAE </subfield>
    <subfield code="d">2018-03-30</subfield>
    <subfield code="l">0</subfield>
    <subfield code="o">629.13252019 PAM</subfield>
    <subfield code="p">CAEG-9202</subfield>
    <subfield code="r">2018-03-30</subfield>
    <subfield code="w">2018-03-30</subfield>
    <subfield code="y">BK</subfield>
  </datafield>
  <datafield tag="952" ind1=" " ind2=" ">
    <subfield code="0">0</subfield>
    <subfield code="1">0</subfield>
    <subfield code="4">0</subfield>
    <subfield code="7">0</subfield>
    <subfield code="a">CAE</subfield>
    <subfield code="b">CAE </subfield>
    <subfield code="d">2018-03-30</subfield>
    <subfield code="l">0</subfield>
    <subfield code="o">629.13252019 PAM</subfield>
    <subfield code="p">CAEG-9203</subfield>
    <subfield code="r">2018-03-30</subfield>
    <subfield code="w">2018-03-30</subfield>
    <subfield code="y">BK</subfield>
  </datafield>
  <datafield tag="952" ind1=" " ind2=" ">
    <subfield code="0">0</subfield>
    <subfield code="1">0</subfield>
    <subfield code="4">0</subfield>
    <subfield code="7">0</subfield>
    <subfield code="a">CAE</subfield>
    <subfield code="b">CAE </subfield>
    <subfield code="d">2018-03-30</subfield>
    <subfield code="l">0</subfield>
    <subfield code="o">629.13252019 PAM</subfield>
    <subfield code="p">CAEG-9204</subfield>
    <subfield code="r">2018-03-30</subfield>
    <subfield code="w">2018-03-30</subfield>
    <subfield code="y">BK</subfield>
  </datafield>
  <datafield tag="952" ind1=" " ind2=" ">
    <subfield code="0">0</subfield>
    <subfield code="1">0</subfield>
    <subfield code="4">0</subfield>
    <subfield code="7">0</subfield>
    <subfield code="a">CAE</subfield>
    <subfield code="b">CAE </subfield>
    <subfield code="d">2018-03-30</subfield>
    <subfield code="l">0</subfield>
    <subfield code="o">629.13252019 PAM</subfield>
    <subfield code="p">CAEG-9205</subfield>
    <subfield code="r">2018-03-30</subfield>
    <subfield code="w">2018-03-30</subfield>
    <subfield code="y">BK</subfield>
  </datafield>
  <datafield tag="952" ind1=" " ind2=" ">
    <subfield code="0">0</subfield>
    <subfield code="1">0</subfield>
    <subfield code="4">0</subfield>
    <subfield code="7">0</subfield>
    <subfield code="a">CAE</subfield>
    <subfield code="b">CAE </subfield>
    <subfield code="d">2018-03-30</subfield>
    <subfield code="l">0</subfield>
    <subfield code="o">629.13252019 PAM</subfield>
    <subfield code="p">CAEG-9206</subfield>
    <subfield code="r">2018-03-30</subfield>
    <subfield code="w">2018-03-30</subfield>
    <subfield code="y">BK</subfield>
  </datafield>
  <datafield tag="952" ind1=" " ind2=" ">
    <subfield code="0">0</subfield>
    <subfield code="1">0</subfield>
    <subfield code="4">0</subfield>
    <subfield code="7">0</subfield>
    <subfield code="a">CAE</subfield>
    <subfield code="b">CAE </subfield>
    <subfield code="d">2018-03-30</subfield>
    <subfield code="l">0</subfield>
    <subfield code="o">629.13252019 PAM</subfield>
    <subfield code="p">CAEG-9207</subfield>
    <subfield code="r">2018-03-30</subfield>
    <subfield code="w">2018-03-30</subfield>
    <subfield code="y">BK</subfield>
  </datafield>
  <datafield tag="952" ind1=" " ind2=" ">
    <subfield code="0">0</subfield>
    <subfield code="1">0</subfield>
    <subfield code="4">0</subfield>
    <subfield code="7">0</subfield>
    <subfield code="a">CAE</subfield>
    <subfield code="b">CAE </subfield>
    <subfield code="d">2018-03-30</subfield>
    <subfield code="l">0</subfield>
    <subfield code="o">629.13252019 PAM</subfield>
    <subfield code="p">CAEG-9208</subfield>
    <subfield code="r">2018-03-30</subfield>
    <subfield code="w">2018-03-30</subfield>
    <subfield code="y">BK</subfield>
  </datafield>
  <datafield tag="952" ind1=" " ind2=" ">
    <subfield code="0">0</subfield>
    <subfield code="1">0</subfield>
    <subfield code="4">0</subfield>
    <subfield code="7">0</subfield>
    <subfield code="a">CAE</subfield>
    <subfield code="b">CAE </subfield>
    <subfield code="d">2018-03-30</subfield>
    <subfield code="l">0</subfield>
    <subfield code="o">629.13252019 PAM</subfield>
    <subfield code="p">CAEG-9209</subfield>
    <subfield code="r">2018-03-30</subfield>
    <subfield code="w">2018-03-30</subfield>
    <subfield code="y">BK</subfield>
  </datafield>
  <datafield tag="952" ind1=" " ind2=" ">
    <subfield code="0">0</subfield>
    <subfield code="1">0</subfield>
    <subfield code="4">0</subfield>
    <subfield code="7">0</subfield>
    <subfield code="a">CAE</subfield>
    <subfield code="b">CAE </subfield>
    <subfield code="d">2018-03-30</subfield>
    <subfield code="l">0</subfield>
    <subfield code="o">629.13252019 PAM</subfield>
    <subfield code="p">CAEG-9210</subfield>
    <subfield code="r">2018-03-30</subfield>
    <subfield code="w">2018-03-30</subfield>
    <subfield code="y">BK</subfield>
  </datafield>
  <datafield tag="952" ind1=" " ind2=" ">
    <subfield code="0">0</subfield>
    <subfield code="1">0</subfield>
    <subfield code="4">0</subfield>
    <subfield code="7">0</subfield>
    <subfield code="a">CAE</subfield>
    <subfield code="b">CAE </subfield>
    <subfield code="d">2018-03-30</subfield>
    <subfield code="l">0</subfield>
    <subfield code="o">629.13252019 PAM</subfield>
    <subfield code="p">CAEG-9211</subfield>
    <subfield code="r">2018-03-30</subfield>
    <subfield code="w">2018-03-30</subfield>
    <subfield code="y">BK</subfield>
  </datafield>
  <datafield tag="952" ind1=" " ind2=" ">
    <subfield code="0">0</subfield>
    <subfield code="1">0</subfield>
    <subfield code="4">0</subfield>
    <subfield code="7">0</subfield>
    <subfield code="a">CAE</subfield>
    <subfield code="b">CAE </subfield>
    <subfield code="d">2018-03-30</subfield>
    <subfield code="l">0</subfield>
    <subfield code="o">629.13252019 PAM</subfield>
    <subfield code="p">CAEG-9212</subfield>
    <subfield code="r">2018-03-30</subfield>
    <subfield code="w">2018-03-30</subfield>
    <subfield code="y">BK</subfield>
  </datafield>
  <datafield tag="952" ind1=" " ind2=" ">
    <subfield code="0">0</subfield>
    <subfield code="1">0</subfield>
    <subfield code="4">0</subfield>
    <subfield code="7">0</subfield>
    <subfield code="a">CAE</subfield>
    <subfield code="b">CAE </subfield>
    <subfield code="d">2018-03-30</subfield>
    <subfield code="l">0</subfield>
    <subfield code="o">629.13252019 PAM</subfield>
    <subfield code="p">CAEG-9213</subfield>
    <subfield code="r">2018-03-30</subfield>
    <subfield code="w">2018-03-30</subfield>
    <subfield code="y">BK</subfield>
  </datafield>
  <datafield tag="952" ind1=" " ind2=" ">
    <subfield code="0">0</subfield>
    <subfield code="1">0</subfield>
    <subfield code="4">0</subfield>
    <subfield code="7">0</subfield>
    <subfield code="a">CAE</subfield>
    <subfield code="b">CAE </subfield>
    <subfield code="d">2018-03-30</subfield>
    <subfield code="l">0</subfield>
    <subfield code="o">629.13252019 PAM</subfield>
    <subfield code="p">CAEG-9215</subfield>
    <subfield code="r">2018-03-30</subfield>
    <subfield code="w">2018-03-30</subfield>
    <subfield code="y">BK</subfield>
  </datafield>
  <datafield tag="952" ind1=" " ind2=" ">
    <subfield code="0">0</subfield>
    <subfield code="1">0</subfield>
    <subfield code="4">0</subfield>
    <subfield code="7">0</subfield>
    <subfield code="a">CAE</subfield>
    <subfield code="b">CAE </subfield>
    <subfield code="d">2018-03-30</subfield>
    <subfield code="l">0</subfield>
    <subfield code="o">629.13252019 PAM</subfield>
    <subfield code="p">CAEG-9218</subfield>
    <subfield code="r">2018-03-30</subfield>
    <subfield code="w">2018-03-30</subfield>
    <subfield code="y">BK</subfield>
  </datafield>
  <datafield tag="952" ind1=" " ind2=" ">
    <subfield code="0">0</subfield>
    <subfield code="1">0</subfield>
    <subfield code="4">0</subfield>
    <subfield code="7">0</subfield>
    <subfield code="a">CAE</subfield>
    <subfield code="b">CAE </subfield>
    <subfield code="d">2018-03-30</subfield>
    <subfield code="l">0</subfield>
    <subfield code="o">629.13252019 PAM</subfield>
    <subfield code="p">CAEG-9220</subfield>
    <subfield code="r">2018-03-30</subfield>
    <subfield code="w">2018-03-30</subfield>
    <subfield code="y">BK</subfield>
  </datafield>
  <datafield tag="952" ind1=" " ind2=" ">
    <subfield code="0">0</subfield>
    <subfield code="1">0</subfield>
    <subfield code="4">0</subfield>
    <subfield code="7">0</subfield>
    <subfield code="a">CAE</subfield>
    <subfield code="b">CAE </subfield>
    <subfield code="d">2018-03-30</subfield>
    <subfield code="l">0</subfield>
    <subfield code="o">629.13252019 PAM</subfield>
    <subfield code="p">CAEG-9221</subfield>
    <subfield code="r">2018-03-30</subfield>
    <subfield code="w">2018-03-30</subfield>
    <subfield code="y">BK</subfield>
  </datafield>
  <datafield tag="952" ind1=" " ind2=" ">
    <subfield code="0">0</subfield>
    <subfield code="1">0</subfield>
    <subfield code="4">0</subfield>
    <subfield code="7">0</subfield>
    <subfield code="a">CAE</subfield>
    <subfield code="b">CAE </subfield>
    <subfield code="d">2018-03-30</subfield>
    <subfield code="l">0</subfield>
    <subfield code="o">629.13252019 PAM</subfield>
    <subfield code="p">CAEG-9222</subfield>
    <subfield code="r">2018-03-30</subfield>
    <subfield code="w">2018-03-30</subfield>
    <subfield code="y">BK</subfield>
  </datafield>
  <datafield tag="952" ind1=" " ind2=" ">
    <subfield code="0">0</subfield>
    <subfield code="1">0</subfield>
    <subfield code="4">0</subfield>
    <subfield code="7">0</subfield>
    <subfield code="a">CAE</subfield>
    <subfield code="b">CAE </subfield>
    <subfield code="d">2018-03-30</subfield>
    <subfield code="l">0</subfield>
    <subfield code="o">629.13252019 PAM</subfield>
    <subfield code="p">CAEG-9223</subfield>
    <subfield code="r">2018-03-30</subfield>
    <subfield code="w">2018-03-30</subfield>
    <subfield code="y">BK</subfield>
  </datafield>
  <datafield tag="952" ind1=" " ind2=" ">
    <subfield code="0">0</subfield>
    <subfield code="1">0</subfield>
    <subfield code="4">0</subfield>
    <subfield code="7">0</subfield>
    <subfield code="a">CAE</subfield>
    <subfield code="b">CAE </subfield>
    <subfield code="d">2018-03-30</subfield>
    <subfield code="l">0</subfield>
    <subfield code="o">629.13252019 PAM</subfield>
    <subfield code="p">CAEG-9226</subfield>
    <subfield code="r">2018-03-30</subfield>
    <subfield code="w">2018-03-30</subfield>
    <subfield code="y">BK</subfield>
  </datafield>
  <datafield tag="952" ind1=" " ind2=" ">
    <subfield code="0">0</subfield>
    <subfield code="1">0</subfield>
    <subfield code="4">0</subfield>
    <subfield code="7">0</subfield>
    <subfield code="a">CAE</subfield>
    <subfield code="b">CAE </subfield>
    <subfield code="d">2018-03-30</subfield>
    <subfield code="l">0</subfield>
    <subfield code="o">629.13252019 PAM</subfield>
    <subfield code="p">CAEG-9227</subfield>
    <subfield code="r">2018-03-30</subfield>
    <subfield code="w">2018-03-30</subfield>
    <subfield code="y">BK</subfield>
  </datafield>
  <datafield tag="952" ind1=" " ind2=" ">
    <subfield code="0">0</subfield>
    <subfield code="1">0</subfield>
    <subfield code="4">0</subfield>
    <subfield code="7">0</subfield>
    <subfield code="a">CAE</subfield>
    <subfield code="b">CAE </subfield>
    <subfield code="d">2018-03-30</subfield>
    <subfield code="l">0</subfield>
    <subfield code="o">629.13252019 PAM</subfield>
    <subfield code="p">CAEG-9159</subfield>
    <subfield code="r">2018-03-30</subfield>
    <subfield code="w">2018-03-30</subfield>
    <subfield code="y">BK</subfield>
  </datafield>
  <datafield tag="952" ind1=" " ind2=" ">
    <subfield code="0">0</subfield>
    <subfield code="1">0</subfield>
    <subfield code="4">0</subfield>
    <subfield code="7">0</subfield>
    <subfield code="a">CAE</subfield>
    <subfield code="b">CAE </subfield>
    <subfield code="d">2018-03-30</subfield>
    <subfield code="l">0</subfield>
    <subfield code="o">629.13252019 PAM</subfield>
    <subfield code="p">CAEG-9152</subfield>
    <subfield code="r">2018-03-30</subfield>
    <subfield code="w">2018-03-30</subfield>
    <subfield code="y">BK</subfield>
  </datafield>
  <datafield tag="952" ind1=" " ind2=" ">
    <subfield code="0">0</subfield>
    <subfield code="1">0</subfield>
    <subfield code="4">0</subfield>
    <subfield code="7">0</subfield>
    <subfield code="a">CAE</subfield>
    <subfield code="b">CAE </subfield>
    <subfield code="d">2018-03-30</subfield>
    <subfield code="l">0</subfield>
    <subfield code="o">629.13252019 PAM</subfield>
    <subfield code="p">CAEG-9163</subfield>
    <subfield code="r">2018-03-30</subfield>
    <subfield code="w">2018-03-30</subfield>
    <subfield code="y">BK</subfield>
  </datafield>
  <datafield tag="952" ind1=" " ind2=" ">
    <subfield code="0">0</subfield>
    <subfield code="1">0</subfield>
    <subfield code="4">0</subfield>
    <subfield code="7">0</subfield>
    <subfield code="a">CAE</subfield>
    <subfield code="b">CAE </subfield>
    <subfield code="d">2018-03-30</subfield>
    <subfield code="l">0</subfield>
    <subfield code="o">629.13252019 PAM</subfield>
    <subfield code="p">CAEG-9154</subfield>
    <subfield code="r">2018-03-30</subfield>
    <subfield code="w">2018-03-30</subfield>
    <subfield code="y">BK</subfield>
  </datafield>
  <datafield tag="952" ind1=" " ind2=" ">
    <subfield code="0">0</subfield>
    <subfield code="1">0</subfield>
    <subfield code="4">0</subfield>
    <subfield code="7">0</subfield>
    <subfield code="a">CAE</subfield>
    <subfield code="b">CAE </subfield>
    <subfield code="d">2018-03-30</subfield>
    <subfield code="l">0</subfield>
    <subfield code="o">629.13252019 PAM</subfield>
    <subfield code="p">CAEG-9186</subfield>
    <subfield code="r">2018-03-30</subfield>
    <subfield code="w">2018-03-30</subfield>
    <subfield code="y">BK</subfield>
  </datafield>
  <datafield tag="952" ind1=" " ind2=" ">
    <subfield code="0">0</subfield>
    <subfield code="1">0</subfield>
    <subfield code="4">0</subfield>
    <subfield code="7">0</subfield>
    <subfield code="a">CAE</subfield>
    <subfield code="b">CAE </subfield>
    <subfield code="d">2018-03-30</subfield>
    <subfield code="l">0</subfield>
    <subfield code="o">629.13252019 PAM</subfield>
    <subfield code="p">CAEG-9145</subfield>
    <subfield code="r">2018-03-30</subfield>
    <subfield code="w">2018-03-30</subfield>
    <subfield code="y">BK</subfield>
  </datafield>
  <datafield tag="952" ind1=" " ind2=" ">
    <subfield code="0">0</subfield>
    <subfield code="1">0</subfield>
    <subfield code="4">0</subfield>
    <subfield code="7">0</subfield>
    <subfield code="a">CAE</subfield>
    <subfield code="b">CAE </subfield>
    <subfield code="d">2018-03-30</subfield>
    <subfield code="l">0</subfield>
    <subfield code="o">629.13252019 PAM</subfield>
    <subfield code="p">CAEG-9146</subfield>
    <subfield code="r">2018-03-30</subfield>
    <subfield code="w">2018-03-30</subfield>
    <subfield code="y">BK</subfield>
  </datafield>
  <datafield tag="952" ind1=" " ind2=" ">
    <subfield code="0">0</subfield>
    <subfield code="1">0</subfield>
    <subfield code="4">0</subfield>
    <subfield code="7">0</subfield>
    <subfield code="a">CAE</subfield>
    <subfield code="b">CAE </subfield>
    <subfield code="d">2018-03-30</subfield>
    <subfield code="l">0</subfield>
    <subfield code="o">629.13252019 PAM</subfield>
    <subfield code="p">CAEG-9136</subfield>
    <subfield code="r">2018-03-30</subfield>
    <subfield code="w">2018-03-30</subfield>
    <subfield code="y">BK</subfield>
  </datafield>
  <datafield tag="952" ind1=" " ind2=" ">
    <subfield code="0">0</subfield>
    <subfield code="1">0</subfield>
    <subfield code="4">0</subfield>
    <subfield code="7">0</subfield>
    <subfield code="a">CAE</subfield>
    <subfield code="b">CAE </subfield>
    <subfield code="d">2018-03-30</subfield>
    <subfield code="l">0</subfield>
    <subfield code="o">629.13252019 PAM</subfield>
    <subfield code="p">CAEG-9161</subfield>
    <subfield code="r">2018-03-30</subfield>
    <subfield code="w">2018-03-30</subfield>
    <subfield code="y">BK</subfield>
  </datafield>
  <datafield tag="952" ind1=" " ind2=" ">
    <subfield code="0">0</subfield>
    <subfield code="1">0</subfield>
    <subfield code="4">0</subfield>
    <subfield code="7">0</subfield>
    <subfield code="a">CAE</subfield>
    <subfield code="b">CAE </subfield>
    <subfield code="d">2018-03-30</subfield>
    <subfield code="l">0</subfield>
    <subfield code="o">629.13252019 PAM</subfield>
    <subfield code="p">CAEG-9201</subfield>
    <subfield code="r">2018-03-30</subfield>
    <subfield code="w">2018-03-30</subfield>
    <subfield code="y">BK</subfield>
  </datafield>
  <datafield tag="952" ind1=" " ind2=" ">
    <subfield code="0">0</subfield>
    <subfield code="1">0</subfield>
    <subfield code="4">0</subfield>
    <subfield code="7">0</subfield>
    <subfield code="a">CAE</subfield>
    <subfield code="b">CAE </subfield>
    <subfield code="d">2018-03-30</subfield>
    <subfield code="l">0</subfield>
    <subfield code="o">629.13252019 PAM</subfield>
    <subfield code="p">CAEG-9217</subfield>
    <subfield code="r">2018-03-30</subfield>
    <subfield code="w">2018-03-30</subfield>
    <subfield code="y">BK</subfield>
  </datafield>
  <datafield tag="952" ind1=" " ind2=" ">
    <subfield code="0">0</subfield>
    <subfield code="1">0</subfield>
    <subfield code="4">0</subfield>
    <subfield code="7">0</subfield>
    <subfield code="a">CAE</subfield>
    <subfield code="b">CAE </subfield>
    <subfield code="d">2018-03-30</subfield>
    <subfield code="l">0</subfield>
    <subfield code="o">629.13252019 PAM</subfield>
    <subfield code="p">CAEG-9140</subfield>
    <subfield code="r">2018-03-30</subfield>
    <subfield code="w">2018-03-30</subfield>
    <subfield code="y">BK</subfield>
  </datafield>
  <datafield tag="952" ind1=" " ind2=" ">
    <subfield code="0">0</subfield>
    <subfield code="1">0</subfield>
    <subfield code="4">0</subfield>
    <subfield code="7">0</subfield>
    <subfield code="a">CAE</subfield>
    <subfield code="b">CAE </subfield>
    <subfield code="d">2018-03-30</subfield>
    <subfield code="l">0</subfield>
    <subfield code="o">629.13252019 PAM</subfield>
    <subfield code="p">CAEG-9156</subfield>
    <subfield code="r">2018-03-30</subfield>
    <subfield code="w">2018-03-30</subfield>
    <subfield code="y">BK</subfield>
  </datafield>
  <datafield tag="952" ind1=" " ind2=" ">
    <subfield code="0">0</subfield>
    <subfield code="1">0</subfield>
    <subfield code="4">0</subfield>
    <subfield code="7">0</subfield>
    <subfield code="a">CAE</subfield>
    <subfield code="b">CAE </subfield>
    <subfield code="d">2018-03-30</subfield>
    <subfield code="l">0</subfield>
    <subfield code="o">629.13252019 PAM</subfield>
    <subfield code="p">CAEG-9139</subfield>
    <subfield code="r">2018-03-30</subfield>
    <subfield code="w">2018-03-30</subfield>
    <subfield code="y">BK</subfield>
  </datafield>
  <datafield tag="952" ind1=" " ind2=" ">
    <subfield code="0">0</subfield>
    <subfield code="1">0</subfield>
    <subfield code="4">0</subfield>
    <subfield code="7">0</subfield>
    <subfield code="a">CAE</subfield>
    <subfield code="b">CAE </subfield>
    <subfield code="d">2018-03-30</subfield>
    <subfield code="l">0</subfield>
    <subfield code="o">629.13252019 PAM</subfield>
    <subfield code="p">CAEG-9160</subfield>
    <subfield code="r">2018-03-30</subfield>
    <subfield code="w">2018-03-30</subfield>
    <subfield code="y">BK</subfield>
  </datafield>
  <datafield tag="952" ind1=" " ind2=" ">
    <subfield code="0">0</subfield>
    <subfield code="1">0</subfield>
    <subfield code="4">0</subfield>
    <subfield code="7">0</subfield>
    <subfield code="a">CAE</subfield>
    <subfield code="b">CAE </subfield>
    <subfield code="d">2018-03-30</subfield>
    <subfield code="l">0</subfield>
    <subfield code="o">629.13252019 PAM</subfield>
    <subfield code="p">CAEG-9195</subfield>
    <subfield code="r">2018-03-30</subfield>
    <subfield code="w">2018-03-30</subfield>
    <subfield code="y">BK</subfield>
  </datafield>
  <datafield tag="952" ind1=" " ind2=" ">
    <subfield code="0">0</subfield>
    <subfield code="1">0</subfield>
    <subfield code="4">0</subfield>
    <subfield code="7">0</subfield>
    <subfield code="a">CAE</subfield>
    <subfield code="b">CAE </subfield>
    <subfield code="d">2018-03-30</subfield>
    <subfield code="l">0</subfield>
    <subfield code="o">629.13252019 PAM</subfield>
    <subfield code="p">CAEG-9134</subfield>
    <subfield code="r">2018-03-30</subfield>
    <subfield code="w">2018-03-30</subfield>
    <subfield code="y">BK</subfield>
  </datafield>
  <datafield tag="952" ind1=" " ind2=" ">
    <subfield code="0">0</subfield>
    <subfield code="1">0</subfield>
    <subfield code="4">0</subfield>
    <subfield code="7">0</subfield>
    <subfield code="a">CAE</subfield>
    <subfield code="b">CAE </subfield>
    <subfield code="d">2018-03-30</subfield>
    <subfield code="l">0</subfield>
    <subfield code="o">629.13252019 PAM</subfield>
    <subfield code="p">CAEG-9200</subfield>
    <subfield code="r">2018-03-30</subfield>
    <subfield code="w">2018-03-30</subfield>
    <subfield code="y">BK</subfield>
  </datafield>
  <datafield tag="952" ind1=" " ind2=" ">
    <subfield code="0">0</subfield>
    <subfield code="1">0</subfield>
    <subfield code="4">0</subfield>
    <subfield code="7">0</subfield>
    <subfield code="a">CAE</subfield>
    <subfield code="b">CAE </subfield>
    <subfield code="d">2018-03-30</subfield>
    <subfield code="l">0</subfield>
    <subfield code="o">629.13252019 PAM</subfield>
    <subfield code="p">CAEG-9143</subfield>
    <subfield code="r">2018-03-30</subfield>
    <subfield code="w">2018-03-30</subfield>
    <subfield code="y">BK</subfield>
  </datafield>
  <datafield tag="952" ind1=" " ind2=" ">
    <subfield code="0">0</subfield>
    <subfield code="1">0</subfield>
    <subfield code="4">0</subfield>
    <subfield code="7">0</subfield>
    <subfield code="a">CAE</subfield>
    <subfield code="b">CAE </subfield>
    <subfield code="d">2018-03-30</subfield>
    <subfield code="l">0</subfield>
    <subfield code="o">629.13252019 PAM</subfield>
    <subfield code="p">CAEG-9157</subfield>
    <subfield code="r">2018-03-30</subfield>
    <subfield code="w">2018-03-30</subfield>
    <subfield code="y">BK</subfield>
  </datafield>
  <datafield tag="952" ind1=" " ind2=" ">
    <subfield code="0">0</subfield>
    <subfield code="1">0</subfield>
    <subfield code="4">0</subfield>
    <subfield code="7">0</subfield>
    <subfield code="a">CAE</subfield>
    <subfield code="b">CAE </subfield>
    <subfield code="d">2018-03-30</subfield>
    <subfield code="l">0</subfield>
    <subfield code="o">629.13252019 PAM</subfield>
    <subfield code="p">CAEG-9216</subfield>
    <subfield code="r">2018-03-30</subfield>
    <subfield code="w">2018-03-30</subfield>
    <subfield code="y">BK</subfield>
  </datafield>
  <datafield tag="952" ind1=" " ind2=" ">
    <subfield code="0">0</subfield>
    <subfield code="1">0</subfield>
    <subfield code="4">0</subfield>
    <subfield code="7">0</subfield>
    <subfield code="a">CAE</subfield>
    <subfield code="b">CAE </subfield>
    <subfield code="d">2018-03-30</subfield>
    <subfield code="l">0</subfield>
    <subfield code="o">629.13252019 PAM</subfield>
    <subfield code="p">CAEG-9193</subfield>
    <subfield code="r">2018-03-30</subfield>
    <subfield code="w">2018-03-30</subfield>
    <subfield code="y">BK</subfield>
  </datafield>
  <datafield tag="952" ind1=" " ind2=" ">
    <subfield code="0">0</subfield>
    <subfield code="1">0</subfield>
    <subfield code="4">0</subfield>
    <subfield code="7">0</subfield>
    <subfield code="a">CAE</subfield>
    <subfield code="b">CAE </subfield>
    <subfield code="d">2018-03-30</subfield>
    <subfield code="l">0</subfield>
    <subfield code="o">629.13252019 PAM</subfield>
    <subfield code="p">CAEG-9225</subfield>
    <subfield code="r">2018-03-30</subfield>
    <subfield code="w">2018-03-30</subfield>
    <subfield code="y">BK</subfield>
  </datafield>
  <datafield tag="952" ind1=" " ind2=" ">
    <subfield code="0">0</subfield>
    <subfield code="1">0</subfield>
    <subfield code="4">0</subfield>
    <subfield code="7">0</subfield>
    <subfield code="a">CAE</subfield>
    <subfield code="b">CAE </subfield>
    <subfield code="d">2018-03-30</subfield>
    <subfield code="l">0</subfield>
    <subfield code="o">629.13252019 PAM</subfield>
    <subfield code="p">CAEG-9158</subfield>
    <subfield code="r">2018-03-30</subfield>
    <subfield code="w">2018-03-30</subfield>
    <subfield code="y">BK</subfield>
  </datafield>
  <datafield tag="952" ind1=" " ind2=" ">
    <subfield code="0">0</subfield>
    <subfield code="1">0</subfield>
    <subfield code="4">0</subfield>
    <subfield code="7">0</subfield>
    <subfield code="a">CAE</subfield>
    <subfield code="b">CAE </subfield>
    <subfield code="d">2018-03-30</subfield>
    <subfield code="l">0</subfield>
    <subfield code="o">629.13252019 PAM</subfield>
    <subfield code="p">CAEG-9166</subfield>
    <subfield code="r">2018-03-30</subfield>
    <subfield code="w">2018-03-30</subfield>
    <subfield code="y">BK</subfield>
  </datafield>
  <datafield tag="952" ind1=" " ind2=" ">
    <subfield code="0">0</subfield>
    <subfield code="1">0</subfield>
    <subfield code="4">0</subfield>
    <subfield code="7">0</subfield>
    <subfield code="a">CAE</subfield>
    <subfield code="b">CAE </subfield>
    <subfield code="d">2018-03-30</subfield>
    <subfield code="l">0</subfield>
    <subfield code="o">629.13252019 PAM</subfield>
    <subfield code="p">CAEG-9155</subfield>
    <subfield code="r">2018-03-30</subfield>
    <subfield code="w">2018-03-30</subfield>
    <subfield code="y">BK</subfield>
  </datafield>
  <datafield tag="952" ind1=" " ind2=" ">
    <subfield code="0">0</subfield>
    <subfield code="1">0</subfield>
    <subfield code="4">0</subfield>
    <subfield code="7">0</subfield>
    <subfield code="a">CAE</subfield>
    <subfield code="b">CAE </subfield>
    <subfield code="d">2018-03-30</subfield>
    <subfield code="l">0</subfield>
    <subfield code="o">629.13252019 PAM</subfield>
    <subfield code="p">CAEG-9141</subfield>
    <subfield code="r">2018-03-30</subfield>
    <subfield code="w">2018-03-30</subfield>
    <subfield code="y">BK</subfield>
  </datafield>
  <datafield tag="952" ind1=" " ind2=" ">
    <subfield code="0">0</subfield>
    <subfield code="1">0</subfield>
    <subfield code="4">0</subfield>
    <subfield code="7">0</subfield>
    <subfield code="a">CAE</subfield>
    <subfield code="b">CAE </subfield>
    <subfield code="d">2018-03-30</subfield>
    <subfield code="l">0</subfield>
    <subfield code="o">629.13252019 PAM</subfield>
    <subfield code="p">CAEG-9162</subfield>
    <subfield code="r">2018-03-30</subfield>
    <subfield code="w">2018-03-30</subfield>
    <subfield code="y">BK</subfield>
  </datafield>
  <datafield tag="952" ind1=" " ind2=" ">
    <subfield code="0">0</subfield>
    <subfield code="1">0</subfield>
    <subfield code="4">0</subfield>
    <subfield code="7">0</subfield>
    <subfield code="a">CAE</subfield>
    <subfield code="b">CAE </subfield>
    <subfield code="d">2018-03-30</subfield>
    <subfield code="l">0</subfield>
    <subfield code="o">629.13252019 PAM</subfield>
    <subfield code="p">CAEG-9199</subfield>
    <subfield code="r">2018-03-30</subfield>
    <subfield code="w">2018-03-30</subfield>
    <subfield code="y">BK</subfield>
  </datafield>
  <datafield tag="952" ind1=" " ind2=" ">
    <subfield code="0">0</subfield>
    <subfield code="1">0</subfield>
    <subfield code="4">0</subfield>
    <subfield code="7">0</subfield>
    <subfield code="a">CAE</subfield>
    <subfield code="b">CAE </subfield>
    <subfield code="d">2018-03-30</subfield>
    <subfield code="l">0</subfield>
    <subfield code="o">629.13252019 PAM</subfield>
    <subfield code="p">CAEG-9149</subfield>
    <subfield code="r">2018-03-30</subfield>
    <subfield code="w">2018-03-30</subfield>
    <subfield code="y">BK</subfield>
  </datafield>
  <datafield tag="952" ind1=" " ind2=" ">
    <subfield code="0">0</subfield>
    <subfield code="1">0</subfield>
    <subfield code="4">0</subfield>
    <subfield code="7">0</subfield>
    <subfield code="a">CAE</subfield>
    <subfield code="b">CAE </subfield>
    <subfield code="d">2018-03-30</subfield>
    <subfield code="l">0</subfield>
    <subfield code="o">629.13252019 PAM</subfield>
    <subfield code="p">CAEG-9164</subfield>
    <subfield code="r">2018-03-30</subfield>
    <subfield code="w">2018-03-30</subfield>
    <subfield code="y">BK</subfield>
  </datafield>
  <datafield tag="952" ind1=" " ind2=" ">
    <subfield code="0">0</subfield>
    <subfield code="1">0</subfield>
    <subfield code="4">0</subfield>
    <subfield code="7">0</subfield>
    <subfield code="a">CAE</subfield>
    <subfield code="b">CAE </subfield>
    <subfield code="d">2018-03-30</subfield>
    <subfield code="l">0</subfield>
    <subfield code="o">629.13252019 PAM</subfield>
    <subfield code="p">CAEG-9224</subfield>
    <subfield code="r">2018-03-30</subfield>
    <subfield code="w">2018-03-30</subfield>
    <subfield code="y">BK</subfield>
  </datafield>
  <datafield tag="952" ind1=" " ind2=" ">
    <subfield code="0">0</subfield>
    <subfield code="1">0</subfield>
    <subfield code="4">0</subfield>
    <subfield code="7">0</subfield>
    <subfield code="a">CAE</subfield>
    <subfield code="b">CAE </subfield>
    <subfield code="d">2018-03-30</subfield>
    <subfield code="l">0</subfield>
    <subfield code="o">629.13252019 PAM</subfield>
    <subfield code="p">CAEG-9198</subfield>
    <subfield code="r">2018-03-30</subfield>
    <subfield code="w">2018-03-30</subfield>
    <subfield code="y">BK</subfield>
  </datafield>
  <datafield tag="952" ind1=" " ind2=" ">
    <subfield code="0">0</subfield>
    <subfield code="1">0</subfield>
    <subfield code="4">0</subfield>
    <subfield code="7">0</subfield>
    <subfield code="a">CAE</subfield>
    <subfield code="b">CAE </subfield>
    <subfield code="d">2018-03-30</subfield>
    <subfield code="l">0</subfield>
    <subfield code="o">629.13252019 PAM</subfield>
    <subfield code="p">CAEG-9185</subfield>
    <subfield code="r">2018-03-30</subfield>
    <subfield code="w">2018-03-30</subfield>
    <subfield code="y">BK</subfield>
  </datafield>
  <datafield tag="952" ind1=" " ind2=" ">
    <subfield code="0">0</subfield>
    <subfield code="1">0</subfield>
    <subfield code="4">0</subfield>
    <subfield code="7">0</subfield>
    <subfield code="a">CAE</subfield>
    <subfield code="b">CAE </subfield>
    <subfield code="d">2018-03-30</subfield>
    <subfield code="l">0</subfield>
    <subfield code="o">629.13252019 PAM</subfield>
    <subfield code="p">CAEG-9184</subfield>
    <subfield code="r">2018-03-30</subfield>
    <subfield code="w">2018-03-30</subfield>
    <subfield code="y">BK</subfield>
  </datafield>
  <datafield tag="952" ind1=" " ind2=" ">
    <subfield code="0">0</subfield>
    <subfield code="1">0</subfield>
    <subfield code="4">0</subfield>
    <subfield code="7">0</subfield>
    <subfield code="a">CAE</subfield>
    <subfield code="b">CAE </subfield>
    <subfield code="d">2018-03-30</subfield>
    <subfield code="l">0</subfield>
    <subfield code="o">629.13252019 PAM</subfield>
    <subfield code="p">CAEG-9147</subfield>
    <subfield code="r">2018-03-30</subfield>
    <subfield code="w">2018-03-30</subfield>
    <subfield code="y">BK</subfield>
  </datafield>
  <datafield tag="952" ind1=" " ind2=" ">
    <subfield code="0">0</subfield>
    <subfield code="1">0</subfield>
    <subfield code="4">0</subfield>
    <subfield code="7">0</subfield>
    <subfield code="a">CAE</subfield>
    <subfield code="b">CAE </subfield>
    <subfield code="d">2018-03-30</subfield>
    <subfield code="l">0</subfield>
    <subfield code="o">629.13252019 PAM</subfield>
    <subfield code="p">CAEG-9219</subfield>
    <subfield code="r">2018-03-30</subfield>
    <subfield code="w">2018-03-30</subfield>
    <subfield code="y">BK</subfield>
  </datafield>
  <datafield tag="952" ind1=" " ind2=" ">
    <subfield code="0">0</subfield>
    <subfield code="1">0</subfield>
    <subfield code="4">0</subfield>
    <subfield code="7">0</subfield>
    <subfield code="a">CAE</subfield>
    <subfield code="b">CAE </subfield>
    <subfield code="d">2018-03-30</subfield>
    <subfield code="l">0</subfield>
    <subfield code="o">629.13252019 PAM</subfield>
    <subfield code="p">CAEG-9144</subfield>
    <subfield code="r">2018-03-30</subfield>
    <subfield code="w">2018-03-30</subfield>
    <subfield code="y">BK</subfield>
  </datafield>
  <datafield tag="952" ind1=" " ind2=" ">
    <subfield code="0">0</subfield>
    <subfield code="1">0</subfield>
    <subfield code="4">0</subfield>
    <subfield code="7">0</subfield>
    <subfield code="a">CAE</subfield>
    <subfield code="b">CAE </subfield>
    <subfield code="d">2018-03-30</subfield>
    <subfield code="l">0</subfield>
    <subfield code="o">629.13252019 PAM</subfield>
    <subfield code="p">CAEG-9214</subfield>
    <subfield code="r">2018-03-30</subfield>
    <subfield code="w">2018-03-30</subfield>
    <subfield code="y">BK</subfield>
  </datafield>
  <datafield tag="952" ind1=" " ind2=" ">
    <subfield code="0">0</subfield>
    <subfield code="1">0</subfield>
    <subfield code="4">0</subfield>
    <subfield code="7">0</subfield>
    <subfield code="a">CAE</subfield>
    <subfield code="b">CAE </subfield>
    <subfield code="d">2018-03-30</subfield>
    <subfield code="l">0</subfield>
    <subfield code="o">629.13252019 PAM</subfield>
    <subfield code="p">CAEG-9175</subfield>
    <subfield code="r">2018-03-30</subfield>
    <subfield code="w">2018-03-30</subfield>
    <subfield code="y">BK</subfield>
  </datafield>
</record>
